000 00464nam a22001937a 4500
005 20250203020753.0
008 250203b |||||||| |||| 00| 0 eng d
020 _a9781770105126
082 _27014
_a305.4
_bKUZ
100 _aKuzwayo, E
245 _aCall Me Woman
250 _a3rd Edition
260 _aJohannesburg
_bPicador Africa
_c2016
300 _axxi, 304 p.,
650 _aBlack Women
650 _aSouth Africa
650 _aEducation
942 _cL
999 _c5972
_d5972